000 01060 a2200229 4500
005 20260205100205.0
008 260205b |||||||| |||| 00| 0 eng d
020 _a9789391798796 (hbk)
037 _cTB
040 _aCRL
_cCRL
041 _2hin
_ahin
084 _a4:(P152).N R2
_qCRL
100 _aचतुर्वेदी, जगदीश्वर
_9875817
245 _aहिन्दी पत्रकारिता के इतिहास के मूल्यांकन की समस्याएँ
260 _aदिल्ली, भारत:
_bएकैडमिक पब्लिकेशन,
_c2022.
300 _a447पृ.
365 _b1495.00
_cINR
650 _aपत्रकारिता
_91113774
650 _aहिन्दी
_91113775
942 _cTB
_2CC
_n0
_h4:(P152).N R2
999 _c1474555
_d1474555